1307 1882 1859 1450 1437 1092 1021 1174 1418 1978 1002 1935 1871 1359 1347 1619 1404 1812 1598 1990 1787 1190 1775 1097 1303 1437 1340 1939 1151 1678 1509 1151 1796 1175 1224 1429 1246 1819 1984 1214 1992 1592 1021 1542 1830 1671 1516 1250 1785 1706 1590 1020 1755 1859 1756 1025 1724 1078 1149 1918 1841 1316 1410 1668 1993 1205 1510 1419 1065 1002 1350 1568 1647 1819 1267 1774 1325 1463 1657 1932 1505 1231 1363 1279 1928 1249 1311 1351 1464 1753 1906 1838 1616 1966 1432 1923 1033 1953 1804 BCNSPRNW ULIB Ver.6.0+V

เปลี่ยนเป็นภาษาไทย

Change to English
 แสดงรายละเอียดบรรณานุกรม
  กลับหน้าหลัก

Brief Record : Get Marc (ISO 2709) : E-mail record : QR code < ปิดหน้าต่าง
LEADER : 00000nam 2200000uu 4500
001    13399112108
003     ULIB
008    110727s2548||||th 000 0 tha d
020    9749364872 (ล.1)
050  4 HA62.5^bท228ว ล.1 2548
100 0  ทวีศักดิ์ นพเกษร
245 10 วิธีการวิจัยเชิงคุณภาพ:^bคู่มือปฏิบัติการวิจัยประยุกต์เพื่อพัฒนาคน องค์กร ชุมชนสังคม = Qualitative methods : a field guide for applied research in human/organization/community and social development /^cทวีศักดิ์ นพเกษร
246 31 Qualitative methods : a field guide for applied research in human/organization/community and social development
250    พิมพ์ครั้งที่ 1
260    กรุงเทพฯ :^bชมรมพยาบาลชุมชนแห่งประเทศไทย,^c2548
300     2 ล. :^bภาพประกอบ ;^c21 ซม.
500    พิมพ์ครั้งที่ 1 และ 2 ปีเดียวกัน
650  4 วิจัยเชิงคุณภาพ
650  4 วิจัย
650  4 สังคมศาสตร์^vวิจัย
945    ^p250^l0^i018932
995    ทศพร
999 ^a ทศพร
รายการนี้ยังไม่มีแท็ก
คุณยังไม่ได้ล็อกอิน คุณสามารถมีกิจกรรมร่วมกับเว็บไซต์ได้ แต่ต้องล็อกอินก่อน ::
  ล็อกอิน

รายการสื่อสารสนเทศ

ลำดับที่ ประเภท เลขเรียก/บาร์โค้ด สถานที่ สถานะ
- ไม่พบข้อมูล -

รายการใกล้เคียง
    ผู้แต่ง [ทวีศักดิ์ นพเกษร]

    หัวเรื่อง [วิจัยเชิงคุณภาพ]
    หัวเรื่อง [วิจัย]

BibComment


ยังไม่เคยถูกคอมเมนท์

คอมเมนท์ทรัพยากรรายการนี้
  คอมเมนท์: วิธีการวิจัยเชิงค..


 Copyright 2026. Bcnsprnw @Library